Podlahy: palubky, parkety, laminát - Krok za krokem, od A do Z...
Salvato in:
| Natura: | Libro |
|---|---|
| Lingua: | ceco tedesco |
| Pubblicazione: |
Praha:
Vašut,
2004
|
| Edizione: | 1. vyd. |
| Soggetti: | |
| Tags: |
Nessun Tag, puoi essere il primo ad aggiungerne!!
|
MARC
| LEADER | 00000nam a22000003a 4500 | ||
|---|---|---|---|
| 001 | 0066766 | ||
| 003 | SK-STU | ||
| 005 | 20180821143029.1 | ||
| 007 | ta | ||
| 008 | 180821s ----xo-----e------000-0-----d | ||
| 020 | |a 80-7236-382-4 | ||
| 040 | |a STU |b slo | ||
| 041 | 0 | |a cze |h ger | |
| 044 | |a xr | ||
| 245 | 1 | 0 | |a Podlahy: |b palubky, parkety, laminát - Krok za krokem, od A do Z... |
| 250 | |a 1. vyd. | ||
| 260 | |a Praha: |b Vašut, |c 2004 | ||
| 300 | |a 96 s. | ||
| 650 | 0 | 7 | |a podlahy |
| 996 | |c V* 52801/O-23958 |l VV25 |s P |a 0 |w 0066766_0001 | ||